00482 2200181 4500001002100000005001500021035002000036008004100056245007200097100002000169250000600189260004600195300001100241084001400252082000800266650001400274990001200288INLIS00000000000032820240503081505 a0010-0424000304240503 0 ind 1 aPemuda & Kelautan : Laut Sebagai Pemersatu Bangsa /cAdhyaksa Dault aDault, Adhyaksa a1 aYogyakarta :bPT. Citra Aji Parama,c2015 a56 hlm a900 ADH p a900 4aNon Fiksi a0728742